History Generator Puzzle #7 - Statistics

General Stats
  • This quiz has been taken 20,706 times
    4,785 since last reset
  • The average score is 12 of 21
Answer Stats
Hint Answer % Correct
Knight's title Sir
89%
Picasso or Michelangelo, e.g. Artist
86%
Former currency of Italy Lira
81%
Russian leader before 1917 Tsar
80%
Hieroglyphics decoding stone Rosetta
78%
Serbian inventor Tesla
74%
Greek god of love Eros
73%
Native American expulsion: Trail of _____ Tears
70%
Gandhi marched to the sea to get this Salt
68%
Tax collector's punishment: ___ and Feather Tar
66%
Thrilla in Manila victor Ali
65%
Yugoslav dictator Tito
63%
WWII factory worker: _____ the Riveter Rosie
59%
Rivals of the Whigs (plural) Tories
52%
Prohibition agent Ness Eliot
43%
Louis XIV: "I am the _____" State
39%
Neighbor of ancient Judah Israel
37%
Fur baron John Jacob Astor
32%
9-Letter Person Aristotle
29%
Antiseptic surgery pioneer Lister
23%
New Mexico artist colony Taos
23%
No matching quizzes found
Score Distribution
Percent of People with Each Score
Percentile by Number Answered
Your Score History
You have not taken this quiz since the last reset